| 000 | 00968nam a2200133Ia 4500 | ||
|---|---|---|---|
| 008 | 220615s9999||||xx |||||||||||||| ||und|| | ||
| 100 | _aTéot, Luc||Mustoe, Thomas A.||Middelkoop, Esther||Gauglitz, Gerd G. | ||
| 245 | 0 |
_aTextbook on Scar Management _bState of the Art Management and Emerging Technologies |
|
| 546 | _aEnglish[eng] | ||
| 650 | _aPlastic Surgery||Dermatology||Surgical Oncology||Surgery||Open access||keloid||wounds||burns||scar revision||reconstructive surgery||scar remodelling||hypertrophic scars||scar stabilisation||skin grafting||Scars and 3D Imagery||stereophotogrammetry||scar classification||scar evaluation scales||atrophic scarring||wound healing||cutometer||burn physiotherapy||skin substitutes||Plastic & reconstructive surgery | ||
| 700 | _aTéot, Luc||Mustoe, Thomas A.||Middelkoop, Esther||Gauglitz, Gerd G. | ||
| 856 | _uhttps://library.oapen.org/bitstream/20.500.12657/43266/1/2020_Book_TextbookOnScarManagement.pdf | ||
| 942 | _cEB | ||
| 999 |
_c12179 _d12179 |
||